| 000 | 00689cab a22001935a 4500 | ||
|---|---|---|---|
| 008 | 240422t2022 xxk o 000 0 eng d | ||
| 041 | 0 | _aeng | |
| 100 | 1 | _ade Silva, Carrie | |
| 245 | 0 | 0 |
_aThe first woman chartered surveyor - Irene Barclay (1894-1989) _h[electronic resource] |
| 260 |
_bRICS, _c25 March 2022 |
||
| 520 | _aProfile of Irene Barclay the first woman to qualify as a chartered surveyor. | ||
| 650 | 2 | 4 | _aIRENE BARCLAY |
| 650 | 2 | 4 | _aFEMALE SURVEYORS |
| 650 | 2 | 4 | _aDIVERSITY |
| 651 | 4 | _aUnited Kingdom | |
| 690 |
_aRICS _96277 |
||
| 856 |
_uhttps://www.rics.org/news-insights/the-first-woman-chartered-surveyor-irene-barclay _zAvailable on RICS.org |
||
| 942 |
_n0 _2ddc |
||
| 999 |
_c121914 _d121914 |
||